000 00560nam a2200193 4500
001 143526
003 ES-MaACL
005 20251004063155.0
007 t|
008 070214s1973 sp r ||||1| spa d
100 0 _aSerafĂ­n,
_d1926-2003
_9163639
245 1 3 _aLa taurocracia /
_cSerafin.
260 _aBarcelona :
_bPlaneta,
_c1973.
300 _a203 p. ;
_c20 cm.
490 1 _aBiblioteca universal Planeta ;
_v67
830 0 _aBiblioteca universal Planeta ;
_v67
_9182527
852 _aES-MaACL
_jC-53964
_bR.86645
999 _c143526
_d143526